000 00622nam a2200253Ia 4500
003 OSt
005 20221007114627.0
006 a|||||r|||| 00| 0
007 ta
008 221006b |||||||| |||| 00| 0 eng d
024 _a34,529
037 _cTextual
040 _aLCO
_cLCO
_beng
041 _2eng
_aeng
082 _aZ, P1
100 _aMason Peter
_9140958
245 0 _aNext Please
250 _a1st
260 _aNew
_bDelhi Universal Law Publishing co. India
_c2001
300 _a201
650 _aNEXT PLEASE
_9709417
942 _hZ, P1
_cTEXL
999 _c1204092
_d1204092